Animal physio;ogy and biochemistry / (Record no. 195780)

MARC details
000 -LEADER
fixed length control field 00594nam a22001937a 4500
005 - DATE AND TIME OF LATEST TRANSACTION
control field 20230421143000.0
010 ## - LCCN (DPL NO)
LC control number ENG-136750
020 ## - INTERNATIONAL STANDARD BOOK NUMBER
International Standard Book Number 9788193307632
Terms of availability 220.00
035 ## - SYSTEM CONTROL NUMBER
System control number EN-120282
037 ## - SOURCE OF ACQUISITION
Source of stock number/acquisition DABD/PUB
082 ## - DEWEY DECIMAL CLASSIFICATION NUMBER
Classification number 571.1
100 ## - MAIN ENTRY--PERSONAL NAME
Personal name Arumugam,N.
245 ## - TITLE STATEMENT
Title Animal physio;ogy and biochemistry /
Statement of responsibility, etc N. Arumugam [et.al..]
250 ## - EDITION STATEMENT
Edition statement 3rd ed.
260 ## - PUBLICATION, DISTRIBUTION, ETC. (IMPRINT)
Place of publication, distribution, etc Tamilnadu
Name of publisher, distributor, etc Saras publication
Date of publication, distribution, etc 2018
270 ## - ADDRESS
Address 114/35G,A.R.P Camp Road, Periavilai kottar P.O. Nagercoil
City Kanya kumari
Postal code 629002
300 ## - PHYSICAL DESCRIPTION
Extent 552p.;
Dimensions 17cm(pbk)
942 ## - ADDED ENTRY ELEMENTS (KOHA)
Source of classification or shelving scheme Dewey Decimal Classification
Item type English Books
Classification part 571.1
Call number suffix ARU
Holdings
Withdrawn status Lost status Not for loan Collection code Home library Current library Date acquired Source of acquisition Cost, normal purchase price Full call number Barcode Copy number Cost, replacement price Koha item type
    Not For Loan Non-fiction D.B.Act.Division D.B.Act.Division 21/04/2023 DBAD/PUB 220.00 571.1 ARU EN-120282 1 220.00 English Books

© Delhi Public Library
Hit Counter
free hit counter